Statistics for Billboard artists #4: 2019 Top artists

Click here to take the quiz!

General Stats

  • This quiz has been taken 12 times
  • The average score is 9 of 20

Answer Stats

HintAnswer% Correct
2Ariana Grande
90%
5Drake
90%
8Taylor Swift
90%
3Billie Eilish
70%
7Ed Sheeran
70%
1Post Malone
60%
9Lil Nas X
50%
13Cardi B
40%
10Halsey
40%
12Juice WRLD
40%
20Lizzo
40%
19Shawn Mendes
40%
11Jonas Brothers
30%
4Khalid
30%
6Travis Scott
30%
15BTS
20%
18Lil Baby
20%
16Panic! At The Disco
20%
14DaBaby
10%
17Luke Combs
0%

Score Distribution

Percentile by Number Answered

Percent of People with Each Score

Your Score History

You have not taken this quiz